000
00236 a2200109 4500
001
68596
040
_c
Anchieta - Itaigara
240
1
0
_a
Dragões de Komodo
_l
245
1
0
_a
Dragões de Komodo
650
4
_a
Geografia e viagens
942
_c
MX
999
_c
68596
_d
68596